| 000 | 00719nam a22002177a 4500 | ||
|---|---|---|---|
| 999 |
_c12309 _d12309 |
||
| 003 | AR-CdUCM | ||
| 008 | 190408b ||||| |||| 00| 0 spa d | ||
| 040 |
_aMUNICIPALIDAD PROVINCIAL DEL CUSCO _cBIBLIOTECA MUNICIPAL DEL CUSCO |
||
| 082 |
_a374.4 / _bM36 / 1984 |
||
| 100 |
_aMedina Diaz, Lucio _925299 |
||
| 245 | _aHistoria de la asociación provincial Canchis de Lima / | ||
| 260 |
_aLima : _c1984. |
||
| 300 |
_a20 páginas ; _c16 cm. |
||
| 505 | _aContenido: Asociación Canchis y sus inicios en Lima. | ||
| 650 |
_aCanchis _930110 |
||
| 650 |
_aAsociación _930111 |
||
| 650 |
_aCanchis Perú _930112 |
||
| 700 |
_aAsociación provincial Canchis _930113 |
||
| 942 |
_2ddc _cLIBROS |
||
| 945 |
_adavv _d08/04/2019 |
||